000
00325nam a22001337a 4500
008
170508b xxu||||| |||| 00| 0 eng d
020
_a
0534547052
041
_a
eng
080
_2
6TH
_a
343.9
100
_a
15
101
_a
SHJ
245
_a
AMERICA'S COURTS AND THE CRIMINAL JUSTICE SYSTEM
_c
NEUBAUER, D.W
942
_2
udc
_c
BK
999
_c
12927
_d
12927